Word Ladder: Literary Siblings Quiz Stats

 Plays Quiz Updated Apr 18, 2015

Challenge
Share
Tweet
Embed
Score 0/16 Timer 02:00
2 Plays Today
Clue 4-Letter Word % Correct
Not femaleMALE
98.8%
Zuckerberg, Ruffalo, or TwainMARK
96.5%
An adult female horseMARE
95.8%
A color between white and redPINK
94.9%
Anakin turned to this side of the forceDARK
94.2%
A small horsePONY
92.5%
A quirky, socially inept personDORK
91.3%
ChoosePICK
90.3%
Clue 4-Letter Word % Correct
A type of rock musicPUNK
90.1%
*Oldest Hawthorne sibling*
OR a strong wind
GALE
89.9%
TinyPUNY
87.6%
Marlin's companion in 'Finding Nemo'DORY
86.8%
Your cheeks turn this when you're embarrassedROSY
80%
*Youngest Hawthorne sibling*
OR a small bouquet of flowers
POSY
78.9%
*2nd oldest Hawthorne boy*
OR Daughter on the 'Gilmore Girls'
RORY
77.4%
*Youngest Hawthorne boy*
OR Michael the controversial NFL QB
VICK
65.8%

Today's Daily Dose

You're not logged in!

Compare scores with friends on all Sporcle quizzes.
Join for Free
OR
Log In

You Might Also Like...

Show Comments

Extras

Top Quizzes Today


Score Distribution

Your Account Isn't Verified!

In order to create a playlist on Sporcle, you need to verify the email address you used during registration. Go to your Sporcle Settings to finish the process.

Report this User

Report this user for behavior that violates our Community Guidelines.

Details: